| 000 | 00538nam a2200169 a 4500 | ||
|---|---|---|---|
| 001 | 4549 | ||
| 003 | CDMR | ||
| 005 | 20130410124202.0 | ||
| 008 | 130130s2004||||||||||||||||||||||||||||d | ||
| 020 | _a8483735946 | ||
| 040 |
_aCDMR _bcat _cCDMR |
||
| 245 | 0 | 0 |
_aÉtica periodística _b: principios, códigos deontológicos y normas complementarias _ccompilación y edición: Juan Carlos Pérez Fuentes |
| 260 |
_c2004 _bUniversidad del País Vasco _aBilbao |
||
| 300 |
_a293 p ; _c24 cm |
||
| 650 | 0 | 4 |
_9983 _aÈtica periodística |
| 942 |
_cMON _2udc |
||
| 999 |
_c4549 _d4549 |
||